000 00502nam a2200181Ia 4500
005 20250326141850.0
008 250326s9999 xx 000 0 und d
037 _aTextbook
040 _aFMSL
_beng
_cFMSL
041 _aeng
_2eng
084 _aX65 M4
_qFMSL
100 _aGeorge F H
245 0 _aScience of Investment : Systems Science Series
_cGeorge F H
260 _aEngland
_bEngland, British Library
_c1984
300 _a253p
942 _cTB
_hX65 M4
999 _c1292350
_d1292350